[Event "Nordic-ch"]
[Site "Sarpsborg"]
[Date "2019.06.23"]
[Round "4"]
[White "Eiding, Amanda Mai Irgens"]
[Black "Granholt, Morten"]
[Result "1-0"]
[WhiteElo "1655"]
[BlackElo "1478"]
[PlyCount "67"]
[EventDate "2019.06.21"]
[EventType "swiss"]
[EventRounds "9"]
[EventCountry "NOR"]
[SourceTitle "EXT 2020"]
[Source "ChessBase"]
[SourceDate "2019.10.17"]
[SourceVersion "1"]
[SourceVersionDate "2019.10.17"]
[SourceQuality "1"]

1. e4 c5 2. Nc3 d6 3. f4 Nc6 4. Nf3 Nf6 5. Bc4 Bg4 6. h3 Bxf3 7. Qxf3 Nd4 8. Bb5+ Nc6 9. d3 Qc7 10. Nd5 Nxd5 11. exd5 Qa5+ 12. Bd2 Qxb5 13. dxc6 bxc6 14. c4 Qa6 15. 0-0 g6 16. Bc3 f6 17. Rae1 Bg7 18. f5 Rf8 19. fxg6 hxg6 20. Qe4 e5 21. Qxg6+ Rf7 22. h4 Qb7 23. h5 0-0-0 24. g4 Qd7 25. Rf5 Rh8 26. g5 Bh6 27. Bd2 Bf8 28. h6 Qe6 29. Ref1 Be7 30. R1f2 Rff8 31. h7 Qf7 32. Qxf7 Rxf7 33. g6 Rg7 34. Rg2 1-0

[Event "Nordic-ch"]
[Site "Sarpsborg"]
[Date "2019.06.22"]
[Round "3"]
[White "Granholt, Morten"]
[Black "Haggar, Haytham"]
[Result "0-1"]
[WhiteElo "1478"]
[BlackElo "1309"]
[PlyCount "125"]
[EventDate "2019.06.21"]
[EventType "swiss"]
[EventRounds "9"]
[EventCountry "NOR"]
[SourceTitle "EXT 2020"]
[Source "ChessBase"]
[SourceDate "2019.10.17"]
[SourceVersion "1"]
[SourceVersionDate "2019.10.17"]
[SourceQuality "1"]

1. d4 Nf6 2. Nf3 g6 3. c4 Bg7 4. g3 0-0 5. Bg2 d5 6. 0-0 c6 7. Nbd2 Bf5 8. cxd5 cxd5 9. b3 Nc6 10. Nh4 Bg4 11. Bb2 Qd7 12. Re1 Bh3 13. Bh1 g5 14. Nhf3 Qf5 15. Nf1 Ne4 16. Ne3 Qe6 17. a3 f5 18. Nxg5 Qh6 19. Nxh3 Qxh3 20. Nxd5 Rad8 21. Nf4 Qh6 22. e3 Ne5 23. h3 Rd6 24. Qe2 Ng6 25. Nxg6 Rxg6 26. Kh2 Rg5 27. Rg1 Rh5 28. Bg2 Ng5 29. Qf1 Qd6 30. f4 Nf7 31. Qe2 Qg6 32. Bf3 Rh6 33. Rac1 Nd6 34. Rc7 Bf6 35. g4 Rxh3+ 36. Kxh3 Qh6+ 37. Kg2 fxg4 38. Bd5+ Kh8 39. Kf1 Qh3+ 40. Bg2 Qh5 41. Rc5 Qg6 42. Bh1 h5 43. Bd5 g3 44. Qg2 Qb1+ 45. Rc1 Qd3+ 46. Qe2 Qg6 47. Rh1 h4 48. Rh3 Nf5 49. Be4 Rg8 50. Kg2 Kg7 51. Rc5 e6 52. Qd3 Kh6 53. Rc7 Qg4 54. Bf3 Qg6 55. e4 Nd6 56. f5 exf5 57. Bc1+ Bg5 58. Bxg5+ Qxg5 59. Rd7 Rg6 60. d5 fxe4 61. Bxe4 Nxe4 62. Qxe4 Qd2+ 63. Kf3 0-1